Calendar of the papers of Charles Thomas Longley, Archbishop of Canterbury 1862 - 1868, in Lambeth Palace Library
| Authors: | ; ; |
|---|---|
| Corporate Author: | |
| Format: | Print Book |
| Language: | English |
| Subito Delivery Service: | Order now. |
| Check availability: | HBZ Gateway |
| WorldCat: | WorldCat |
| Interlibrary Loan: | Interlibrary Loan for the Fachinformationsdienste (Specialized Information Services in Germany) |
| Published: |
London
Mansell
1976
|
| In: |
Calendars and indexes to the letters and papers of the archbishops of Canterbury in Lambeth Palace Library (2)
Year: 1976 |
| Reviews: | [Rezension von: Sayers, J. E., Calendar of the Papers of Charles Thomas Longley, Archbishop of Canterbury in Lambeth Palace Library] (1977) (Stafford, William S.)
|
| Series/Journal: | Calendars and indexes to the letters and papers of the archbishops of Canterbury in Lambeth Palace Library
2 |
| Further subjects: | B
Anglican Church
B History 1800-1900 |
MARC
| LEADER | 00000cam a22000002cb4500 | ||
|---|---|---|---|
| 001 | 1137031336 | ||
| 003 | DE-627 | ||
| 005 | 20251225180452.0 | ||
| 007 | tu | ||
| 008 | 980715s1976 xx ||||| 00| ||eng c | ||
| 035 | |a (DE-627)1137031336 | ||
| 035 | |a (DE-576)067031331 | ||
| 035 | |a (DE-599)BSZ067031331 | ||
| 035 | |a (OCoLC)02524742 | ||
| 040 | |a DE-627 |b ger |c DE-627 |e rakwb | ||
| 041 | |a eng | ||
| 082 | 0 | |a 016.262/12/0924 | |
| 084 | |a 1 |2 ssgn | ||
| 100 | 1 | |0 (DE-588)172354544 |0 (DE-627)697298914 |0 (DE-576)13322001X |4 aut |a Sayers, Jane E. |d 1933- | |
| 109 | |a Sayers, Jane E. 1933- |a Sayers, J. E. 1933- |a Sayers, Jane 1933- |a Sayers, Jane Eleanor 1933- | ||
| 191 | |a 1 | ||
| 245 | 1 | 0 | |a Calendar of the papers of Charles Thomas Longley, Archbishop of Canterbury 1862 - 1868, in Lambeth Palace Library |c J. E. Sayers and E. G. W. Bill |
| 264 | 1 | |a London |b Mansell |c 1976 | |
| 300 | |a VIII, 79 S. | ||
| 336 | |a Text |b txt |2 rdacontent | ||
| 337 | |a ohne Hilfsmittel zu benutzen |b n |2 rdamedia | ||
| 338 | |a Band |b nc |2 rdacarrier | ||
| 490 | 1 | |a Calendars and indexes to the letters and papers of the archbishops of Canterbury in Lambeth Palace Library |v 2 | |
| 583 | 1 | |a Archivierung prüfen |c 20200919 |f DE-640 |z 2 |2 pdager | |
| 583 | 1 | |a Archivierung/Langzeitarchivierung gewährleistet |f SSG |x XA-DE-BW |2 pdager |5 DE-21 | |
| 601 | |a Canterbury | ||
| 601 | |a Lambeth Palace | ||
| 648 | 7 | |a Geschichte 1800-1900 |2 gnd | |
| 650 | 0 | 7 | |0 (DE-588)4009279-3 |0 (DE-627)104571934 |0 (DE-576)208881565 |a Anglikanische Kirche |2 gnd |
| 700 | 1 | |0 (DE-627)1230295968 |0 (DE-576)160295963 |4 aut |a Bill, Edward Geoffrey Watson | |
| 700 | 1 | |0 (DE-588)109344018X |0 (DE-627)853503958 |0 (DE-576)462708888 |4 aut |a Longley, Charles Thomas |d 1794-1868 | |
| 710 | 2 | |0 (DE-588)16441-0 |0 (DE-627)100503381 |0 (DE-576)190254238 |4 oth |a Lambeth Palace Library | |
| 787 | 0 | 8 | |i Rezensiert in |a Stafford, William S. |t [Rezension von: Sayers, J. E., Calendar of the Papers of Charles Thomas Longley, Archbishop of Canterbury in Lambeth Palace Library] |d 1977 |w (DE-627)1824291655 |
| 830 | 0 | |a Calendars and indexes to the letters and papers of the archbishops of Canterbury in Lambeth Palace Library |v 2 |9 2 |w (DE-627)1137030615 |w (DE-576)067030610 |7 am | |
| 889 | |w (DE-576)484188399 | ||
| 935 | |a mteo | ||
| 951 | |a MV | ||
| ELC | |b 1 | ||
| ITA | |a 1 |t 1 | ||
| LOK | |0 000 xxxxxcx a22 zn 4500 | ||
| LOK | |0 001 2330552955 | ||
| LOK | |0 003 DE-627 | ||
| LOK | |0 004 1137031336 | ||
| LOK | |0 005 20090803110550 | ||
| LOK | |0 008 980715||||||||||||||||ger||||||| | ||
| LOK | |0 040 |a DE-21 |c DE-627 |d DE-21 | ||
| LOK | |0 852 |a DE-21 | ||
| LOK | |0 852 1 |c 15 B 1164-2 |9 00 | ||
| LOK | |0 935 |a konv |a theo |a sepp | ||
| LOK | |0 939 |a 15-07-98 |b l01 | ||
| ORI | |a SA-MARC-ixtheoa001.raw | ||
| REL | |a 1 | ||
| STA | 0 | 0 | |a Anglican Church,Anglican Church |
| STB | 0 | 0 | |a Église anglicane,Église anglicane |
| STC | 0 | 0 | |a Iglesia Anglicana,Iglesia Anglicana |
| STD | 0 | 0 | |a Chiesa anglicana,Chiesa anglicana |
| STE | 0 | 0 | |a 圣公会 |
| STF | 0 | 0 | |a 聖公會 |
| STG | 0 | 0 | |a Igreja Anglicana,Igreja Anglicana |
| STH | 0 | 0 | |a Англиканская церковь (мотив),Англиканская церковь |
| STI | 0 | 0 | |a Αγγλικανική Εκκλησία (μοτίβο),Αγγλικανική Εκκλησία |
| SUB | |a REL | ||



